Programming Discrete Simulations : (Record no. 190577)

000 -LEADER
fixed length control field 00678 a2200181 4500
003 - CONTROL NUMBER IDENTIFIER
control field Nust
005 - DATE AND TIME OF LATEST TRANSACTION
control field 20220720170723.0
020 ## - INTERNATIONAL STANDARD BOOK NUMBER
International Standard Book Number 0-87930-449-9
040 ## - CATALOGING SOURCE
Transcribing agency Nust
082 ## - DEWEY DECIMAL CLASSIFICATION NUMBER
Classification number 003.83,POL
100 ## - MAIN ENTRY--PERSONAL NAME
Personal name Pollatschek, Moshe A.
9 (RLIN) 94164
245 ## - TITLE STATEMENT
Title Programming Discrete Simulations :
Remainder of title tools for modeling the real world /
Statement of responsibility, etc. Moshe A. Pollatschek
260 ## - PUBLICATION, DISTRIBUTION, ETC.
Place of publication, distribution, etc. United States
Name of publisher, distributor, etc. R& D Books Distributed in the US and Canada by Publisher group West
Date of publication, distribution, etc. 1995
300 ## - PHYSICAL DESCRIPTION
Extent xiv,368,p .:
505 ## - FORMATTED CONTENTS NOTE
Formatted contents note Theory (Page-1), Examples and Problems (Page-147), Manual and Programmer’ s Reference (Page-237),
650 ## - SUBJECT ADDED ENTRY--TOPICAL TERM
Topical term or geographic name entry element Programming Discrete
9 (RLIN) 93952
942 ## - ADDED ENTRY ELEMENTS (KOHA)
Source of classification or shelving scheme
Koha item type Book
Call number prefix 003.83,POL
Holdings
Withdrawn status Lost status Source of classification or shelving scheme Damaged status Not for loan Permanent Location Current Location Shelving location Date acquired Full call number Barcode Date last seen Price effective from Koha item type Public note
          Military College of Signals (MCS) Military College of Signals (MCS) General Stacks 12/12/2016 003.83,POL MCS34955 12/08/2016 12/12/2016 Book Almirah No.1, Shelf No.3
© 2023 Central Library, National University of Sciences and Technology. All Rights Reserved.